Statistics for Test for idiots

Click here to take the quiz!

General Stats

  • This quiz has been taken 80 times
  • The average score is 5 of 5

Answer Stats

QuestionAnswer% Correct
what is 1 plus 1?2
98%
The ultimate question! What is 2 plus 2?4
95%
what does death meandeath
95%
How do you walk?leg
94%
what happends when an apple falls from spaceit goes down
83%

Score Distribution

Percentile by Number Answered

Percent of People with Each Score

Your Score History

You have not taken this quiz